| 000 | 00000nam 2200000zi 4500 |
| 001 | 9.881707 |
| 003 | CaOODSP |
| 005 | 20241203113653 |
| 006 | m o d f |
| 007 | cr |n||||||||| |
| 008 | 191105e199406##onca o f000 0 eng d |
| 020 | |z0662223578 |
| 040 | |aCaOODSP|beng|erda|cCaOODSP |
| 043 | |an-cn--- |
| 086 | 1 |aEn40-223/1-1994E-PDF|zEn40-223/1-1994E |
| 100 | 1 |aCurrie, Ena, |eauthor. |
| 245 | 10|aContaminated sediment removal program / |c[author: Ena Currie]. |
| 264 | 1|a[Burlington, Ontario] : |b[Great Lakes Cleanup Fund, Environment Canada], |cJune, 1994. |
| 300 | |a1 online resource (19 pages) : |bcolour illustrations |
| 336 | |atext|btxt|2rdacontent |
| 337 | |acomputer|bc|2rdamedia |
| 338 | |aonline resource|bcr|2rdacarrier |
| 500 | |aDigitized edition from print [produced by Environment and Climate Change Canada]. |
| 500 | |aCover title. |
| 520 | |a"This publication is about cleaning up contaminated sediment in the Great Lakes basin. It discusses a unique program - Contaminated Sediment Removal - bringing together governments, industry, communities and concerned citizens. It also outlines innovative technology, now achieving worldwide, recognition, and commercial opportunities for Canadian companies to market this advanced technology abroad"--Introduction. |
| 692 | 07|2gccst|aPollutants |
| 692 | 07|2gccst|aSediments |
| 710 | 1 |aCanada. |bEnvironment Canada. |
| 776 | 0#|tContaminated Sediment Removal Program |w(CaOODSP)9.645603 |
| 856 | 40|qPDF|s6.37 MB|uhttps://publications.gc.ca/collections/collection_2019/eccc/En40-223-1-1994-eng.pdf |